| 000 | 00642cam a22002171 4500 | ||
|---|---|---|---|
| 001 | med47000390 | ||
| 003 | DLC | ||
| 005 | 20260227111559.0 | ||
| 008 | 811121s1946 xx a 000 0 eng | ||
| 010 | _amed47000390 | ||
| 035 | _a(OCoLC)14751565 | ||
| 040 |
_aDLC _cDNLM _dDLC |
||
| 042 | _apremarc | ||
| 050 | 0 | 0 |
_aRF46 _b.L4 1946 |
| 060 | 0 |
_aWV 100 _bL473d 1946 |
|
| 100 | 1 |
_aLederer, Francis L. _q(Francis Loeffler), _d1898-1973. |
|
| 245 | 1 | 0 |
_aDiseases of the ear, nose and throat; _bprinciples and practice of otorhinolaryngology ... |
| 250 | _a5th ed. ... | ||
| 260 |
_aPhiladelphia, _bDavis, _c1946. |
||
| 300 |
_axii, 934 p. _bill. |
||
| 999 |
_c38054 _d38054 |
||